<?xml version="1.0" encoding="UTF-8"?><?xml-stylesheet type="text/xsl" href="static/style.xsl"?><OAI-PMH xmlns="http://www.openarchives.org/OAI/2.0/" xmlns:xsi="http://www.w3.org/2001/XMLSchema-instance" xsi:schemaLocation="http://www.openarchives.org/OAI/2.0/ http://www.openarchives.org/OAI/2.0/OAI-PMH.xsd"><responseDate>2026-04-14T05:02:30Z</responseDate><request verb="GetRecord" identifier="oai:www.recercat.cat:2072/527590" metadataPrefix="marc">https://recercat.cat/oai/request</request><GetRecord><record><header><identifier>oai:recercat.cat:2072/527590</identifier><datestamp>2024-12-11T09:20:08Z</datestamp><setSpec>com_2072_243480</setSpec><setSpec>com_2072_5163</setSpec><setSpec>col_2072_243481</setSpec></header><metadata><record xmlns="http://www.loc.gov/MARC21/slim" xmlns:dcterms="http://purl.org/dc/terms/" xmlns:xsi="http://www.w3.org/2001/XMLSchema-instance" xmlns:doc="http://www.lyncode.com/xoai" xsi:schemaLocation="http://www.loc.gov/MARC21/slim http://www.loc.gov/standards/marcxml/schema/MARC21slim.xsd">
   <leader>00925njm 22002777a 4500</leader>
   <datafield ind2=" " ind1=" " tag="042">
      <subfield code="a">dc</subfield>
   </datafield>
   <datafield ind2=" " ind1=" " tag="720">
      <subfield code="a">Schmidt Castelló, Marta</subfield>
      <subfield code="e">author</subfield>
   </datafield>
   <datafield ind2=" " ind1=" " tag="260">
      <subfield code="c">2022-09</subfield>
   </datafield>
   <datafield ind2=" " ind1=" " tag="520">
      <subfield code="a">Aquest document recull una proposta d'intervenció en el segon cicle d'educació infantil per a l'acceptació de les limitacions. S'ha investigat els aspectes més importants per a arribar a una acceptació sana de les limitacions i els riscs de la societat actual respecte aquesta àrea. La proposta s'ha realitzat a través de les narracions; més concretament, a partir de l'anàlisi dels contes de El tolit, El Príncep Feliç, Pulgarcita i la pel·lícula de Monstres University on la teoria ha quedat plasmada en les diferents històries.</subfield>
   </datafield>
   <datafield ind2=" " ind1=" " tag="520">
      <subfield code="a">Este documento recoge una propuesta de intervención en el segundo ciclo de educación infantil para la aceptación de las limitaciones. Se ha investigado los aspectos más importantes para llegar a una aceptación sana de las limitaciones y los riesgos de la sociedad actual respecto a esta área. La propuesta se ha realizado a través de las narraciones; en concreto a partir del análisis de los cuentos de El tullido, El príncipe Feliz, Pulgarcita y la película de Monstruos University donde la teoría ha quedado plasmada y se ha desarrollado en las diferentes historias.</subfield>
   </datafield>
   <datafield ind2=" " ind1=" " tag="520">
      <subfield code="a">This document contains an intervention for the second cycle of kindergarten for acceptance of limitations. The investigation has studied the main aspects for a correct acceptance and the main risks of our society nowadays around this issue. The intervention has been done from the analysis of the tales The Cripple, The Happy Prince, Thumbelina, and the film Monsters University. Through these tales, the theory has been expressed and developed.</subfield>
   </datafield>
   <datafield ind1="8" ind2=" " tag="024">
      <subfield code="a">http://hdl.handle.net/2072/527590</subfield>
   </datafield>
   <datafield ind2="0" ind1="0" tag="245">
      <subfield code="a">Propuesta de intervención para la aceptación de las limitaciones a través de las narraciones en educación infantil</subfield>
   </datafield>
</record></metadata></record></GetRecord></OAI-PMH>